LEADER 01498nam0-22004811i-450 001 990000808300403321 005 20210910140355.0 035 $a000080830 035 $aFED01000080830 035 $a(Aleph)000080830FED01 100 $a20020821d1986----km-y0itay50------ba 101 1 $aita$cger 102 $aIT 105 $ay-------001yy 200 1 $a<>bella Napoli$fC.W. Allers, [A. Olinda, W. Grebe]$gprima traduzione italiana di Ursula Edith Pannswitz e Vincenzo Casertano$gpremessa di Renato De Falco 205 $a2. ed. 210 $aNapoli$cGrimaldi & c.$d1986 215 $a244 p.$cin gran parte ill.$d36 cm 300 $aRipr. facs. dell'ed.: Stuttgart, [1893?] 610 0 $aOLINDA 610 0 $aNAPOLI VIAGGIATORI$asec. XIX 610 0 $aChristian Wilhelm$aopere 610 0 $aAlexander$aopere 610 0 $aNAPOLI$ausi e costumi$asec. XIX 610 0 $aGREBE 610 0 $aALLERS 610 0 $aWalter$aopere 610 0 $aNAPOLI E DINTORNI$ausi e costumi$asec. XIX 700 1$aAllers,$bChristian Wilhelm$039816 702 1$aCasertano,$bVincenzo 702 1$aGrebe,$bWalter 702 1$aOlinda,$bAlexander 702 1$aPannswitz,$bUrsula Edith 702 1$aDe Fusco,$bRenato$f<1929- > 801 0$aIT$bUNINA$gRICA$2UNIMARC 901 $aBK 912 $a990000808300403321 952 $aRARI C 113$b2589$fFARBC 952 $aPICONE 87$bPIC 87$fDARPU 959 $aDARPU 959 $aFARBC 996 $aBella Napoli$9352283 997 $aUNINA LEADER 02288nam 2200589 a 450 001 9910780399003321 005 20230607214108.0 010 $a1-280-46874-2 010 $a9786610468744 010 $a0-313-01266-0 035 $a(CKB)111087026967244 035 $a(EBL)496978 035 $a(OCoLC)52768025 035 $a(SSID)ssj0000271272 035 $a(PQKBManifestationID)11192542 035 $a(PQKBTitleCode)TC0000271272 035 $a(PQKBWorkID)10280855 035 $a(PQKB)10565234 035 $a(MiAaPQ)EBC496978 035 $a(Au-PeEL)EBL496978 035 $a(CaPaEBR)ebr10040758 035 $a(CaONFJC)MIL46874 035 $a(EXLCZ)99111087026967244 100 $a20020313d2002 uy 0 101 0 $aeng 135 $aur|n|---||||| 181 $ctxt 182 $cc 183 $acr 200 10$aWhite crow$b[electronic resource] $ethe life and times of the Grand Duke Nicholas Mikhailovich Romanov : 1859-1919 /$fJamie H. Cockfield 210 $aWestport, Conn. $cPraeger$d2002 215 $a1 online resource (327 p.) 300 $aDescription based upon print version of record. 311 $a0-275-97778-1 320 $aIncludes bibliographical references (p. [291]-302) and index. 327 $aFront_Pgs_iii-xii; Ch01_Pgs_1-28; Ch02_Pgs_29-66; Ch03_Pgs_67-93; Ch04_Pgs_95-132; Ch05_Pgs_133-158; Pixs_After_Ch05_5_Pgs; Ch06_Pgs_159-190; Ch07_Pgs_191-220; Ch08_Pgs_221-246; Imperial_Pgs_247-250; Notes_Pgs_251-290; Bib_Pgs_291-302; Idx_Abt_Au_Pgs_303-310 330 $aBased on material from Russian archives, this is the biography of Nicholas Mikhailovich Romanov (1859-1919), the only intellectual in the Russian Imperial Family. This study provides insight into the last six decades of tsarist Russia through the experiences of the ""oddball"" member of the clan. 606 $aNobility$zRussia$vBiography 606 $aIntellectuals$zRussia$vBiography 607 $aRussia$xHistory$yNicholas II, 1894-1917 615 0$aNobility 615 0$aIntellectuals 676 $a947.08/3/092 676 $aB 700 $aCockfield$b Jamie H$01565435 801 0$bMiAaPQ 801 1$bMiAaPQ 801 2$bMiAaPQ 906 $aBOOK 912 $a9910780399003321 996 $aWhite crow$93835121 997 $aUNINA LEADER 04650nam 22006254a 450 001 9910784784203321 005 20200520144314.0 010 $a1-280-91533-1 010 $a9786610915330 010 $a90-474-0565-X 010 $a1-4294-0710-7 024 7 $a10.1163/9789047405658 035 $a(CKB)1000000000400544 035 $a(EBL)3004008 035 $a(SSID)ssj0000124674 035 $a(PQKBManifestationID)11129773 035 $a(PQKBTitleCode)TC0000124674 035 $a(PQKBWorkID)10024400 035 $a(PQKB)11378789 035 $a(MiAaPQ)EBC3004008 035 $a(nllekb)BRILL9789047405658 035 $a(Au-PeEL)EBL3004008 035 $a(CaPaEBR)ebr10175412 035 $a(CaONFJC)MIL91533 035 $a(OCoLC)191929162 035 $a(PPN)178919446 035 $a(EXLCZ)991000000000400544 100 $a20040302d2004 uy 0 101 0 $aeng 135 $aur||||||||||| 181 $ctxt$2rdacontent 182 $cc$2rdamedia 183 $acr$2rdacarrier 200 14$aThe collected biblical writings of T.C. Skeat$b[electronic resource] /$fintroduced and edited by J.K. Elliott 210 $aLeiden ;$aBoston $cBrill$d2004 215 $a1 online resource (335 pages) 225 1 $aSupplements to Novum Testamentum,$x0167-9732 ;$vv. 113 300 $aDescription based upon print version of record. 311 $a90-04-13920-6 320 $aIncludes bibliographical references and indexes. 327 $tPreliminary Material /$rJ.K. Elliott -- $tThe Use of Dictation in Ancient Book-Production /$rJ.K. Elliott -- $tEarly Christian Book-Production: Papyri and Manuscripts /$rJ.K. Elliott -- $tTwo Notes on Papyrus /$rJ.K. Elliott -- $tThe Length of the Standard Papyrus Roll and the Cost-Advantage of the Codex /$rJ.K. Elliott -- $tRoll Versus Codex?A New Approach? /$rJ.K. Elliott -- $tIrenaeus and the Four-Gospel Canon /$rJ.K. Elliott -- $tThe Origin of the Christian Codex /$rJ.K. Elliott -- $tWas Papyrus Regarded as ?Cheap? or ?Expensive? in the Ancient World? /$rJ.K. Elliott -- $tA) Four Years? Work on the Codex Sinaiticus: Significant Discoveries in Reconditioned MS. /$rJ.K. Elliott -- $tThe Provenance of the Codex Alexandrinus /$rJ.K. Elliott -- $tThe Codex Vaticanus in the Fifteenth Century /$rJ.K. Elliott -- $tNotes on Chester Beatty Biblical Papyrus I (Gospels and Acts) /$rJ.K. Elliott -- $tA Codicological Analysis of the Chester Beatty Papyrus Codex of Gospels and Acts (P 45) /$rJ.K. Elliott -- $tThe Oldest Manuscript of the Four Gospels? /$rJ.K. Elliott -- $tThe Codex Sinaiticus, the Codex Vaticanus and Constantine /$rJ.K. Elliott -- $tThe Last Chapter in the History of the Codex Sinaiticus /$rJ.K. Elliott -- $tThe Lilies of the Field /$rJ.K. Elliott -- $tApton ?a?ein: A Note on Mark 3:20?21 /$rJ.K. Elliott -- $tA Note on ?y?mh in Mark 7:3 /$rJ.K. Elliott -- $tST. Mark 16:8: A Modern Greek Parallel /$rJ.K. Elliott -- $tThe ?Second-First? Sabbath (Luke 6:1): The Final Solution /$rJ.K. Elliott -- $tDid Paul Write to ?Bishops and Deacons? at Philippi? A Note on Philippians 1:1 /$rJ.K. Elliott -- $t?Especially the Parchments?: A Note on 2 Timothy 4:13 /$rJ.K. Elliott -- $tThe Formation of the Four-Gospel Codex: A Dramatized Account of How it May Have Come About /$rJ.K. Elliott -- $tThe Arrival of the Fifty Bibles in Constantinople /$rJ.K. Elliott -- $tT. C. Skeat on the Dating and Origin of Codex Vaticanus /$rJ.K. Elliott -- $tIndex of Biblical Citations /$rJ.K. Elliott. 330 $aA high proportion of the many articles published by the papyrologist T.C. Skeat (1907-2003), a former Keeper of Manuscripts at the British Museum, concerns the New Testament. This present collection gathers together papers on Biblical and related matters contributed by Skeat for over sixty years to various publications. The book divides these into three sections: ancient book production, studies on particular Biblical manuscripts and textual criticism. In his Introduction J.K. Elliott assesses the importance of Skeat's work and he incorporates from personal correspondence some of Skeat's later thinking on these topics. A full Bibliography of Skeat's writings is included. 410 0$aSupplements to Novum Testamentum ;$vv. 113. 606 $aCodicology 615 0$aCodicology. 676 $a225.4/86 700 $aSkeat$b T. C$g(Theodore Cressy)$0204498 701 $aElliott$b J. K$g(James Keith)$0171578 801 0$bMiAaPQ 801 1$bMiAaPQ 801 2$bMiAaPQ 906 $aBOOK 912 $a9910784784203321 996 $aThe collected biblical writings of T.C. Skeat$93854258 997 $aUNINA